| 000 | 00419cam a2200157ua 4500 | ||
|---|---|---|---|
| 041 |
_aeng _h |
||
| 082 |
_a828.09 _bOTI/OU |
||
| 100 | _aOtis, William Bradley . | ||
| 245 |
_aOutline history of English literature Vol-l / _cWilliam Bradley Otis. _hTextual Documents |
||
| 250 |
_a4 / _b. |
||
| 260 |
_aNew York : _bBarnes & Noble , _c1961. |
||
| 300 | _a225 ; . | ||
| 504 | _a | ||
| 942 | _cBK | ||
| 999 |
_c11543 _d11543 |
||